states along the east coast - Statistics

General Stats
  • This quiz has been taken 27 times
  • The average score is 11 of 14
Answers on the Map
Answers color-coded by a green-red scale on the quiz's map according to % correct below.
 
Answer Stats
Answer % Correct
Florida
100%
Georgia
94%
South Carolina
89%
New Jersey
83%
New York
83%
Rhode Island
83%
Delaware
78%
Maine
78%
Maryland
78%
New Hampshire
78%
Virginia
78%
Massachusetts
72%
North Carolina
72%
Connecticut
67%
No matching quizzes found
Score Distribution
Percent of People with Each Score
Percentile by Number Answered
Your Score History
You have not taken this quiz